000 01420cam a22004337a 4500
003 CHAP
005 20220817043504.0
008 981029d1996 it r 11 fre d
010 _a76517
011 _a77489
020 _a9252033149
035 _a87096
040 _cCHAP
082 0 4 _a333.72
_bF3f v.29
110 2 _aFAO
245 1 0 _aContrôle et utilisation du feu en zones arides et subhumides africaines
_c/par André Schmitz, Abdoul Oumara Fall et Salah Rouchiche
260 _aRome :
_bFAO,
_c1996.
300 _a211 p. :
_bilus.
410 2 1 _aFAO
490 0 _aGuía de conservación
_v; 29
590 _aBATCH-UPD
_b10
_c20130110
_lUCH01
_h0439
590 _aBATCH-UPD
_b10
_c20130110
_lUCH01
_h2243
590 _aBATCH-UPD
_b10
_c20130410
_lUCH01
_h0114
590 _aBATCH-UPD
_b10
_c20130410
_lUCH01
_h1537
590 _aBATCH-UPD
_b10
_c20130914
_lUCH01
_h0720
590 _aCONVERSION
_b10
_c20130109
_lUCH01
_h1342
650 1 4 _aBosques
_xAfrica.
_914045
650 1 4 _aBosques
_xIncendios.
_914211
650 1 4 _aRegiones áridas
_xBosques.
_995675
700 0 _aOumara Fall, Abdoul.
_984358
700 0 _aRouchiche, Salah.
_9100303
700 0 _aSchmitz, André.
_9103079
810 0 _aFAO
830 0 0 _aGuía de conservación
_v; 29
_951482
901 _aBK
905 _aLilia Sánchez G.
942 _cLIBRO
949 _a333.72 F3f v.29
_bBC
_cFAO
_d33724000709176
_eFAO1
_h94470
_i87096
_kDonaciØn
_sb
999 _c76517
_d76517